| 000 | 00996nam a22003137a 4500 | ||
|---|---|---|---|
| 003 | CHAP | ||
| 005 | 20220329140523.0 | ||
| 008 | 971013s1974 r 00010 d | ||
| 010 | _a53248 | ||
| 011 | _a54220 | ||
| 035 | _a58371 | ||
| 040 | _cCHAP | ||
| 082 |
_a663.2 _bW4 |
||
| 100 | 0 | 0 |
_aWebb, A. Dinsmoor. _9121259 |
| 245 |
_aChemistry of winemaking _b: a symposium... |
||
| 260 |
_aWashington : _bAmreican Chemical Society, _c1974 |
||
| 300 |
_a311 p. _b: ilus. ; láms. |
||
| 490 |
_aAdvances in chemistry series _v; 137 |
||
| 590 |
_aBATCH-UPD _b10 _c20130110 _lUCH01 _h0645 |
||
| 590 |
_aBATCH-UPD _b10 _c20130410 _lUCH01 _h0330 |
||
| 590 |
_aBATCH-UPD _b10 _c20130914 _lUCH01 _h2105 |
||
| 590 |
_aCONVERSION _b10 _c20130109 _lUCH01 _h1329 |
||
| 650 | 1 | 4 |
_aVino _xAnálisis. _9119856 |
| 650 | 1 | 4 |
_aVino _xElaboración. _9119861 |
| 830 | 0 |
_aAdvances in chemistry series _v; 137 _9987 |
|
| 901 | _aBK | ||
| 942 | _cLIBRO | ||
| 949 |
_a663.2 W4 _bBC _cLIBRO _d33724000130977 _eLIBRO _h34658 _i58371 _si |
||
| 999 |
_c53248 _d53248 |
||